000 01300nam a2200361Ii 4500
001 DIGUOCAT0077
003 NyNyDIG
008 141201s2002 sp a ob 000 0 spa d
006 m o d
007 cr |||||||||||
035 _a(OCoLC)992023175
040 _aDGITA
_beng
_erda
_epn
_cDGITA
020 _a8484299929
_q(eBook)
020 _a9788484299929
_q(eBook)
050 1 4 _aQA76.9.D26 eBook
100 1 _aCostal Costa, Dolors,
_eauthor.
245 1 0 _aIntroducción al diseño de bases de datos /
_cDolors Costal Costa.
264 1 _a[Barcelona] :
_bUOC, la universidad virtual,
_c[2002]
300 _a1 online resource (60 pages) :
_billustrations.
336 _atext
_btxt
_2rdacontent
337 _acomputer
_bc
_2rdamedia
338 _aonline resource
_bcr
_2rdacarrier
588 0 _aOnline resource; title from PDF title page (Digitalia, viewed December 29, 2014)
500 _aOn cover: "P01/75002/00578"
504 _aIncludes bibliographical references (page 60).
650 0 _aDatabase design.
655 0 _aElectronic books.
791 2 _aDigitalia (Firm),
_edistributor.
793 0 _gDigitalia eBook Collection:
_aUOC Papers
856 4 0 _3Digitalia Hispánica
_uhttps://www.digitaliapublishing.com/a/5816/
910 _aPremium Collection: 2014
942 _cRAA
999 _c231356
_d231356